| 000 | 00576nam a2200181Ia 4500 | ||
|---|---|---|---|
| 008 | 240925s9999 xx 000 0 und d | ||
| 020 | _a9780071321174 | ||
| 082 | _a621.38223 CAR | ||
| 100 | _aCarlson, A. Bruce; Crilly, Paul B. | ||
| 245 | 0 | _aCommunication Systems: An introduction to signals and noise in electrical communication | |
| 250 | _a5th | ||
| 260 |
_aNew Delhi: _bMcGraw Hill Education (India) Private Limited _c,2013. |
||
| 300 |
_a787p. _b0 _fOriginal |
||
| 500 | _aIncludes Index | ||
| 600 | _aElectrical Engineering | ||
| 650 | _aTechnology | ||
| 942 | _cBK | ||
| 999 |
_c13558 _d13558 |
||